[Event "Landesliga Sued 1314"]
[Site "Bayern"]
[Date "2013.12.15"]
[Round "4.2"]
[White "Hausner, Ivan"]
[Black "Koenig, Bernhard"]
[Result "1-0"]
[WhiteElo "2370"]
[BlackElo "2180"]
[PlyCount "83"]
[EventDate "2013.10.13"]
[EventType "team-tourn"]
[EventRounds "9"]
[EventCountry "GER"]
[SourceTitle "EXT 2015"]
[Source "ChessBase"]
[SourceDate "2014.11.20"]
[SourceVersion "1"]
[SourceVersionDate "2014.11.20"]
[SourceQuality "1"]
[WhiteTeam "Goeggingen"]
[BlackTeam "Freising"]
[WhiteTeamCountry "GER"]
[BlackTeamCountry "GER"]

1. c4 Nf6 2. Nc3 e6 3. d4 d5 4. Bg5 c5 5. cxd5 cxd4 6. Qxd4 Be7 7. e3 exd5 8. Bb5+ Nc6 9. Nf3 0-0 10. Qa4 Bd7 11. 0-0 a6 12. Bxc6 bxc6 13. Ne5 h6 14. Bh4 Qc7 15. Nxd7 Qxd7 16. Rfd1 Qe6 17. Rac1 Rfb8 18. Qc2 Rb4 19. Bxf6 Bxf6 20. b3 Be5 21. Ne2 Rh4 22. h3 Rc8 23. Nd4 Qf6 24. Nf3 Rh5 25. Qe2 Re8 26. Qxa6 Re6 27. Qe2 Qf5 28. Nd4 Bxd4 29. Rxd4 Rg5 30. Rg4 d4 31. Rxg5 Qxg5 32. Re1 dxe3 33. fxe3 Qg3 34. Qf2 Qe5 35. Rc1 Rf6 36. Qe2 Rg6 37. Rf1 Rg3 38. Qc4 Rxh3 39. Rxf7 Qh2+ 40. Kf1 Qh1+ 41. Kf2 Rh2 42. Re7+ 1-0

[Event "Landesliga Sued 1314"]
[Site "Bayern"]
[Date "2013.11.10"]
[Round "2.3"]
[White "Koenig, Bernhard"]
[Black "Geberl, Hans Walter"]
[Result "0-1"]
[WhiteElo "2180"]
[BlackElo "2213"]
[PlyCount "110"]
[EventDate "2013.10.13"]
[EventType "team-tourn"]
[EventRounds "9"]
[EventCountry "GER"]
[SourceTitle "EXT 2015"]
[Source "ChessBase"]
[SourceDate "2014.11.20"]
[SourceVersion "1"]
[SourceVersionDate "2014.11.20"]
[SourceQuality "1"]
[WhiteTeam "Freising"]
[BlackTeam "Ingolstadt"]
[WhiteTeamCountry "GER"]
[BlackTeamCountry "GER"]

1. d4 d5 2. c4 e6 3. Nc3 Nf6 4. cxd5 exd5 5. Bg5 c6 6. Qc2 g6 7. Bxf6 Qxf6 8. Nxd5 Qxd4 9. Rd1 Bb4+ 10. Nxb4 Qxb4+ 11. Qd2 Na6 12. e3 b6 13. Bc4 b5 14. Qxb4 Nxb4 15. Bb3 Bf5 16. g4 Bc8 17. f3 a5 18. a3 a4 19. Bxf7+ Kxf7 20. axb4 a3 21. bxa3 Rxa3 22. Kf2 Rb3 23. Rd4 Rb1 24. Kg2 h5 25. Ne2 Rb2 26. Re1 Be6 27. g5 Bc4 28. Kf2 Ra8 29. Rd6 Raa2 30. Rf6+ Kg7 31. e4 Rxe2+ 32. Rxe2 Rxe2+ 33. Kg3 Rb2 34. Rxc6 Rxb4 35. Kf4 Rb3 36. Rc7+ Kf8 37. Rc8+ Ke7 38. Rc7+ Ke8 39. Rc6 Bf7 40. Rf6 b4 41. Ke5 Ra3 42. Rb6 Rxf3 43. Rxb4 Rf2 44. h4 Ke7 45. Rb8 Rh2 46. Rb7+ Kf8 47. Kf6 Rf2+ 48. Ke5 Kg7 49. Kd6 Rd2+ 50. Kc5 Kf8 51. Ra7 Rh2 52. Kd6 Rxh4 53. Ra8+ Kg7 54. e5 Rd4+ 55. Ke7 Rd5 0-1

[Event "Landesliga Sued 1213"]
[Site "Bayern"]
[Date "2013.03.17"]
[Round "8.2"]
[White "Guttenthaler, Franz"]
[Black "Koenig, Bernhard"]
[Result "1/2-1/2"]
[WhiteElo "2192"]
[BlackElo "2250"]
[PlyCount "88"]
[EventDate "2012.10.14"]
[EventType "team-tourn"]
[EventRounds "9"]
[EventCountry "GER"]
[SourceTitle "EXT 2015"]
[Source "ChessBase"]
[SourceDate "2014.11.20"]
[SourceVersion "1"]
[SourceVersionDate "2014.11.20"]
[SourceQuality "1"]
[WhiteTeam "Germering"]
[BlackTeam "Freising"]
[WhiteTeamCountry "GER"]
[BlackTeamCountry "GER"]

1. d4 c5 2. d5 e5 3. e4 d6 4. c4 Be7 5. Nc3 Bg5 6. Nge2 Bxc1 7. Rxc1 Nh6 8. g3 0-0 9. Bg2 Na6 10. 0-0 Nc7 11. a3 a5 12. b3 Qe8 13. Qd3 Bd7 14. a4 Qe7 15. Rce1 g5 16. f4 f6 17. f5 g4 18. Nc1 Na6 19. Qe3 Qg7 20. Nd3 Kf7 21. Kf2 Ke7 22. Ke2 Nf7 23. Nb5 h5 24. Kd2 Rh8 25. Kc3 Rh6 26. Rf2 Rah8 27. Kb2 h4 28. Rc2 hxg3 29. hxg3 Be8 30. Rf1 Rh2 31. Rff2 Qg5 32. Qxg5 Nxg5 33. Rce2 Kd7 34. Ne1 Nb4 35. Nc3 Ke7 36. Na2 Na6 37. Nc3 Nb4 38. Na2 Na6 39. Nc3 b6 40. Nd1 Rg8 41. Ne3 Rhh8 42. Rd2 Bh5 43. Nf1 Nb4 44. Kc3 Rg7 1/2-1/2

[Event "Landesliga Sued 1112"]
[Site "Bayern"]
[Date "2011.10.02"]
[Round "1.2"]
[White "Koenig, Bernhard"]
[Black "Pilz, Dieter"]
[Result "1/2-1/2"]
[WhiteElo "2276"]
[BlackElo "2258"]
[PlyCount "63"]
[EventDate "2011.10.02"]
[EventType "team-tourn"]
[EventRounds "9"]
[EventCountry "GER"]
[SourceTitle "EXT 2013"]
[Source "ChessBase"]
[SourceDate "2012.11.22"]
[SourceVersion "1"]
[SourceVersionDate "2012.11.22"]
[SourceQuality "1"]
[WhiteTeam "Freising"]
[BlackTeam "Weilheim"]
[WhiteTeamCountry "GER"]
[BlackTeamCountry "GER"]

1. Nf3 Nf6 2. c4 g6 3. Nc3 Bg7 4. e4 d6 5. d4 0-0 6. Be2 Bg4 7. Be3 Nc6 8. Qd2 Bxf3 9. Bxf3 e5 10. dxe5 dxe5 11. Qxd8 Rfxd8 12. Nd5 Ne8 13. 0-0-0 Nd4 14. Bxd4 exd4 15. Nb4 Nd6 16. c5 Nc4 17. Nd3 c6 18. Kc2 Ne5 19. Be2 Nxd3 20. Kxd3 Bf8 21. Rc1 Rd7 22. Rc4 Rad8 23. Bg4 Re7 24. Rxd4 Rxd4+ 25. Kxd4 Bg7+ 26. Kd3 Bxb2 27. Rb1 Ba3 28. Bc8 Bxc5 29. Rxb7 Rxb7 30. Bxb7 Bxf2 31. Bxc6 Bg1 32. h3 1/2-1/2

[Event "Landesliga Sued 1011"]
[Site "Bayern"]
[Date "2011.04.10"]
[Round "9.2"]
[White "Leitner, Maximilian"]
[Black "Koenig, Bernhard"]
[Result "1/2-1/2"]
[WhiteElo "2229"]
[BlackElo "2297"]
[PlyCount "31"]
[EventDate "2010.10.10"]
[EventType "team-tourn"]
[EventRounds "9"]
[EventCountry "GER"]
[SourceTitle "EXT 2012"]
[Source "ChessBase"]
[SourceDate "2011.11.24"]
[SourceVersion "1"]
[SourceVersionDate "2011.11.24"]
[SourceQuality "1"]
[WhiteTeam "Bayern Muenchen III"]
[BlackTeam "Freising"]
[WhiteTeamCountry "GER"]
[BlackTeamCountry "GER"]

1. c4 e6 2. g3 d5 3. Bg2 Nf6 4. Nf3 dxc4 5. Qa4+ Nbd7 6. 0-0 c5 7. Qxc4 b6 8. b3 Bb7 9. Bb2 Be7 10. Ne5 Bxg2 11. Kxg2 Nxe5 12. Bxe5 0-0 13. d3 Nd7 14. Bb2 Bf6 15. Bxf6 Nxf6 16. Nd2 1/2-1/2

[Event "Regionalliga SO 0102"]
[Site "Bayern"]
[Date "2002.04.14"]
[Round "8.1"]
[White "Nurbekoglu, Michael"]
[Black "Koenig, Bernhard"]
[Result "0-1"]
[WhiteElo "2085"]
[BlackElo "2305"]
[PlyCount "106"]
[EventDate "2001.10.07"]
[EventType "team"]
[EventRounds "9"]
[EventCountry "GER"]
[SourceTitle "EXT 2003"]
[Source "ChessBase"]
[SourceDate "2002.11.25"]
[SourceVersion "1"]
[SourceVersionDate "2002.11.25"]
[SourceQuality "1"]
[WhiteTeam "Landshut"]
[BlackTeam "Freising"]
[WhiteTeamCountry "GER"]
[BlackTeamCountry "GER"]

1. Nf3 d5 2. d4 c6 3. g3 Nf6 4. Bg2 Bf5 5. 0-0 h6 6. b3 e6 7. Bb2 Be7 8. Nbd2 0-0 9. Ne5 a5 10. a3 Nbd7 11. Nxd7 Qxd7 12. Re1 Ne4 13. Nxe4 Bxe4 14. f3 Bg6 15. e4 Rac8 16. Kh1 Rfd8 17. c4 b6 18. Qe2 Re8 19. Rad1 Bd6 20. Qd2 a4 21. Qc3 axb3 22. Qxb3 Qa7 23. Ra1 Qa5 24. Bc3 dxc4 25. Qxc4 Qh5 26. e5 Bf8 27. f4 Bf5 28. Qf1 Qg6 29. Bf3 Red8 30. a4 Bd3 31. Qg2 c5 32. dxc5 Rxc5 33. Rec1 Rdc8 34. Bd2 Bc2 35. a5 bxa5 36. Rxa5 Rc4 37. Ra8 Rxa8 38. Bxa8 Qd3 39. Re1 Qa3 40. Bc1 Qb3 41. Bd2 Bg6 42. Rc1 Bc5 43. Qf1 Bc2 44. Bg2 Ba3 45. Re1 Bg6 46. Qf3 Qb2 47. Ba5 Kh7 48. Qb7 Qc2 49. Qf3 Qa4 50. Bc3 Bb4 51. Bxb4 Qxb4 52. Qe3 Qb2 53. Qe2 Qxe2 0-1

[Event "Regionalliga SO 0102"]
[Site "Bayern"]
[Date "2002.02.03"]
[Round "5.1"]
[White "Pollinger, Michael"]
[Black "Koenig, Bernhard"]
[Result "1-0"]
[WhiteElo "2090"]
[BlackElo "2305"]
[PlyCount "109"]
[EventDate "2001.10.07"]
[EventType "team"]
[EventRounds "9"]
[EventCountry "GER"]
[SourceTitle "EXT 2003"]
[Source "ChessBase"]
[SourceDate "2002.11.25"]
[SourceVersion "1"]
[SourceVersionDate "2002.11.25"]
[SourceQuality "1"]
[WhiteTeam "Deggendorf"]
[BlackTeam "Freising"]
[WhiteTeamCountry "GER"]
[BlackTeamCountry "GER"]

1. e4 c5 2. Nf3 Nc6 3. d4 cxd4 4. Nxd4 Nf6 5. Nc3 d6 6. Bg5 e6 7. Qd2 a6 8. 0-0-0 Bd7 9. f4 Be7 10. Kb1 b5 11. e5 dxe5 12. fxe5 Nxe5 13. Qe1 Ng6 14. Nc6 Bxc6 15. Rxd8+ Rxd8 16. h4 h6 17. Bc1 Bb4 18. a3 Bd6 19. h5 Ne7 20. Bd3 Ned5 21. Nxd5 Bxd5 22. Qh4 Nd7 23. Be4 Be7 24. Qe1 Nf6 25. Bxd5 Rxd5 26. Qa5 Rd6 27. Qc7 Nd5 28. Qc8+ Bd8 29. Qc5 Be7 30. Qc8+ Bd8 31. Rh3 0-0 32. Rg3 Be7 33. Qb7 Kh7 34. Rd3 Bf6 35. Bf4 Rb6 36. Qa7 Rc6 37. Qf2 Rfc8 38. c3 a5 39. Be3 b4 40. Bd4 bxc3 41. Bxf6 c2+ 42. Kc1 Nxf6 43. Qa7 Rc5 44. Qxf7 Rf5 45. Rc3 Nxh5 46. Qxf5+ exf5 47. Rxc8 Nf4 48. Rxc2 g5 49. b4 axb4 50. a4 h5 51. a5 Nd5 52. Rc6 b3 53. a6 Nb4 54. Rc7+ Kg6 55. a7 1-0

[Event "Regionalliga SO 0001"]
[Site "Bayern"]
[Date "2000.10.15"]
[Round "1.1"]
[White "Koenig, Bernhard"]
[Black "Scheipl, Ralf"]
[Result "1/2-1/2"]
[WhiteElo "2297"]
[BlackElo "2270"]
[PlyCount "57"]
[EventDate "2000.10.15"]
[EventType "team-tourn"]
[EventRounds "9"]
[EventCountry "GER"]
[SourceTitle "EXT 2020"]
[Source "ChessBase"]
[SourceDate "2019.10.17"]
[SourceVersion "1"]
[SourceVersionDate "2019.10.17"]
[SourceQuality "1"]
[WhiteTeam "Freising SK"]
[BlackTeam "Straubing SC"]
[WhiteTeamCountry "GER"]
[BlackTeamCountry "GER"]

1. e4 c5 2. Nf3 e6 3. d4 cxd4 4. Nxd4 Nf6 5. Nc3 Bb4 6. e5 Nd5 7. Qg4 0-0 8. Bh6 g6 9. Bxf8 Qxf8 10. Qg3 Qc5 11. Nb3 Nxc3 12. Nxc5 Ne4+ 13. c3 Nxg3 14. cxb4 Nxh1 15. b5 d6 16. exd6 b6 17. g3 Nd7 18. Bg2 Rb8 19. Nxd7 Bxd7 20. Bxh1 Bxb5 21. Rc1 Rd8 22. Rc7 a6 23. a4 Bxa4 24. Bc6 Bb3 25. d7 Kf8 26. Rb7 b5 27. Rb6 Bd5 28. Bxd5 exd5 29. Rxa6 1/2-1/2

[Event "Regionalliga SO 9900"]
[Site "Bayern"]
[Date "2000.??.??"]
[Round "7.1"]
[White "Koenig, Bernhard"]
[Black "Zenker, Ulrich"]
[Result "1-0"]
[WhiteElo "2297"]
[BlackElo "2250"]
[PlyCount "71"]
[EventDate "1999.??.??"]
[EventType "team-tourn"]
[EventRounds "9"]
[EventCountry "GER"]
[SourceTitle "EXT 2020"]
[Source "ChessBase"]
[SourceDate "2019.10.17"]
[SourceVersion "1"]
[SourceVersionDate "2019.10.17"]
[SourceQuality "1"]
[WhiteTeam "Freising SK"]
[BlackTeam "Ebersberg Grafing"]
[WhiteTeamCountry "GER"]
[BlackTeamCountry "GER"]

1. Nf3 Nf6 2. c4 e6 3. Nc3 d5 4. d4 Nbd7 5. cxd5 exd5 6. Bf4 c6 7. e3 Nh5 8. Bg3 Nxg3 9. hxg3 Bd6 10. Qc2 g6 11. Bd3 Nf8 12. 0-0-0 f5 13. Ne5 Bxe5 14. dxe5 Qe7 15. f4 Rg8 16. g4 fxg4 17. e4 d4 18. Bc4 Be6 19. Rxd4 Bxc4 20. Rxc4 Rd8 21. Qf2 g5 22. f5 Qxe5 23. Qxa7 Rg7 24. Qc5 Qf4+ 25. Kb1 Nd7 26. Qg1 Ne5 27. Rd4 Rgd7 28. Rxd7 Rxd7 29. Qa7 h5 30. Rxh5 Qf1+ 31. Kc2 Qd3+ 32. Kb3 Qc4+ 33. Ka3 b5 34. Qb8+ Kf7 35. Rh7+ Kf6 36. Qh8+ 1-0

[Event "Regionalliga SO 9899"]
[Site "Bayern"]
[Date "1999.??.??"]
[Round "8.1"]
[White "Maierhofer, Johann"]
[Black "Koenig, Bernhard"]
[Result "1/2-1/2"]
[WhiteElo "2055"]
[BlackElo "2297"]
[PlyCount "42"]
[EventDate "1998.??.??"]
[EventType "team-tourn"]
[EventRounds "9"]
[EventCountry "GER"]
[SourceTitle "EXT 2020"]
[Source "ChessBase"]
[SourceDate "2019.10.17"]
[SourceVersion "1"]
[SourceVersionDate "2019.10.17"]
[SourceQuality "1"]
[WhiteTeam "Simbach"]
[BlackTeam "Freising SK"]
[WhiteTeamCountry "GER"]
[BlackTeamCountry "GER"]

1. e4 c5 2. c4 Nc6 3. Nc3 g6 4. g3 Bg7 5. d3 d6 6. Bg2 e6 7. Nge2 Nge7 8. Rb1 0-0 9. 0-0 b6 10. a3 Bb7 11. b4 Qd7 12. b5 Nd4 13. Bb2 d5 14. cxd5 exd5 15. Nxd4 Bxd4 16. Nxd5 Nxd5 17. Bxd4 cxd4 18. exd5 Bxd5 19. Bxd5 Qxd5 20. Qb3 Qf3 21. Rbc1 Rac8 1/2-1/2

[Event "Regionalliga SO 9798"]
[Site "Bayern"]
[Date "1998.??.??"]
[Round "?.1"]
[White "Koenig, Bernhard"]
[Black "Schweiger, Georg"]
[Result "1-0"]
[WhiteElo "2297"]
[BlackElo "2100"]
[PlyCount "83"]
[EventDate "1997.10.19"]
[EventType "team-tourn"]
[EventRounds "9"]
[EventCountry "GER"]
[SourceTitle "EXT 2020"]
[Source "ChessBase"]
[SourceDate "2019.10.17"]
[SourceVersion "1"]
[SourceVersionDate "2019.10.17"]
[SourceQuality "1"]
[WhiteTeam "Freising SK"]
[BlackTeam "Ebersberg Grafing"]
[WhiteTeamCountry "GER"]
[BlackTeamCountry "GER"]

1. d4 d5 2. c4 Nc6 3. cxd5 Qxd5 4. e3 e5 5. Nc3 Bb4 6. Bd2 Bxc3 7. Bxc3 exd4 8. Ne2 Nge7 9. Nxd4 Nxd4 10. Qxd4 Qxd4 11. Bxd4 0-0 12. Rc1 Nc6 13. Bc3 Be6 14. a3 Rfd8 15. f3 Rd6 16. Kf2 Rad8 17. b4 a6 18. Be2 f6 19. a4 Bb3 20. b5 axb5 21. axb5 Ne7 22. Ba5 b6 23. Bb4 R6d7 24. Rc3 Bf7 25. e4 Ra8 26. Rhc1 Ra7 27. Ke3 f5 28. Ra3 Rxa3+ 29. Bxa3 g5 30. g3 Be6 31. Bxe7 Rxe7 32. e5 Bd5 33. f4 Kf7 34. Bc4 Ke6 35. Bxd5+ Kxd5 36. Rc6 g4 37. Rf6 Kc4 38. Rxf5 Kxb5 39. Ke4 Kc4 40. Rf8 b5 41. f5 Rd7 42. e6 1-0

[Event "Regionalliga SO 9798"]
[Site "Bayern"]
[Date "1998.??.??"]
[Round "?.1"]
[White "Nikolac, Juraj"]
[Black "Koenig, Bernhard"]
[Result "1-0"]
[WhiteElo "2515"]
[BlackElo "2297"]
[PlyCount "75"]
[EventDate "1997.10.19"]
[EventType "team-tourn"]
[EventRounds "9"]
[EventCountry "GER"]
[SourceTitle "EXT 2020"]
[Source "ChessBase"]
[SourceDate "2019.10.17"]
[SourceVersion "1"]
[SourceVersionDate "2019.10.17"]
[SourceQuality "1"]
[WhiteTeam "Dorfen PSV"]
[BlackTeam "Freising SK"]
[WhiteTeamCountry "GER"]
[BlackTeamCountry "GER"]

1. d4 d5 2. c4 e6 3. Nc3 Nf6 4. Bg5 c5 5. Nf3 cxd4 6. Nxd4 e5 7. Nc2 d4 8. Nd5 Be6 9. e4 Be7 10. Bxf6 Bxf6 11. Be2 Nc6 12. 0-0 0-0 13. Ne1 Bg5 14. Nd3 f5 15. Nc5 Bc8 16. exf5 Ne7 17. Bf3 Nxf5 18. Re1 Bf6 19. Qb3 Nd6 20. Nd3 Nf7 21. g3 Rb8 22. Bg2 Bf5 23. f4 Re8 24. Nxf6+ Qxf6 25. Nxe5 Nxe5 26. fxe5 Rxe5 27. Rf1 Qe7 28. Rf2 Bg6 29. Raf1 Re1 30. c5+ Kh8 31. c6 Rxf1+ 32. Rxf1 b6 33. Qa3 Qe8 34. c7 Rc8 35. Bc6 Qe3+ 36. Qxe3 dxe3 37. Bd7 e2 38. Bxc8 1-0

[Event "Regionalliga SO 9697"]
[Site "Bayern"]
[Date "1997.02.16"]
[Round "6"]
[White "Jergler, Karl Heinz"]
[Black "Koenig, Bernhard"]
[Result "0-1"]
[WhiteElo "2180"]
[BlackElo "2160"]
[PlyCount "34"]
[EventDate "1996.10.13"]
[EventType "team-tourn"]
[EventRounds "9"]
[EventCountry "GER"]
[SourceTitle "EXT 1999"]
[Source "ChessBase"]
[SourceDate "1998.11.16"]
[SourceVersion "1"]
[SourceVersionDate "1998.11.16"]
[SourceQuality "1"]
[WhiteTeam "Ebersberg Grafing"]
[BlackTeam "Freising SK"]
[WhiteTeamCountry "GER"]
[BlackTeamCountry "GER"]

1. e4 c5 2. c3 d5 3. exd5 Qxd5 4. d4 Nf6 5. Nf3 Bg4 6. Be2 e6 7. Be3 cxd4 8. cxd4 Bb4+ 9. Nc3 Qd6 10. 0-0 Nc6 11. h3 Bh5 12. Nb5 Qb8 13. g4 Bg6 14. Ne5 Nd5 15. Qa4 Nxe3 16. fxe3 0-0 17. Nxc6 Qg3+ 0-1

[Event "Regionalliga SO 9798"]
[Site "Bayern"]
[Date "1997.??.??"]
[Round "?.1"]
[White "Koenig, Bernhard"]
[Black "Anka, Emil"]
[Result "1-0"]
[WhiteElo "2297"]
[BlackElo "2405"]
[PlyCount "68"]
[EventDate "1997.10.19"]
[EventType "team-tourn"]
[EventRounds "9"]
[EventCountry "GER"]
[SourceTitle "EXT 2020"]
[Source "ChessBase"]
[SourceDate "2019.10.17"]
[SourceVersion "1"]
[SourceVersionDate "2019.10.17"]
[SourceQuality "1"]
[WhiteTeam "Freising SK"]
[BlackTeam "Trostberg TSV"]
[WhiteTeamCountry "GER"]
[BlackTeamCountry "GER"]

1. d4 Nf6 2. c4 e6 3. Nc3 Bb4 4. g3 0-0 5. Bg2 d5 6. Nf3 c5 7. cxd5 Nxd5 8. Bd2 cxd4 9. Nxd5 Bxd2+ 10. Qxd2 Qxd5 11. Qxd4 Qa5+ 12. Qd2 Qb6 13. 0-0 Nc6 14. Rfd1 e5 15. Qc3 f6 16. b3 Kh8 17. Rd2 Bg4 18. h3 Bh5 19. g4 Bf7 20. e3 Rac8 21. Qb2 a5 22. Nh4 Rfd8 23. Rad1 a4 24. Rxd8+ Nxd8 25. Qa3 Nc6 26. Qxa4 Bg8 27. Nf5 Be6 28. Bxc6 bxc6 29. Ne7 Rd8 30. Rxd8+ Qxd8 31. Nxc6 Qd1+ 32. Kg2 h5 33. Ne7 hxg4 34. Qe8+ Kh7 1-0

[Event "Bayern-chB 68th"]
[Site "Pfarrkirchen"]
[Date "1997.??.??"]
[Round "8"]
[White "Koenig, Bernhard"]
[Black "Heimrath, Reiner"]
[Result "1-0"]
[WhiteElo "2145"]
[BlackElo "2080"]
[PlyCount "62"]
[EventDate "1997.08.02"]
[EventType "swiss"]
[EventRounds "9"]
[EventCountry "GER"]
[SourceTitle "EXT 2001"]
[Source "ChessBase"]
[SourceDate "2000.11.22"]
[SourceVersion "1"]
[SourceVersionDate "2000.11.22"]
[SourceQuality "1"]

1. Nf3 c5 2. c4 Nc6 3. Nc3 g6 4. d4 cxd4 5. Nxd4 Bg7 6. Nc2 Nf6 7. g3 0-0 8. Bg2 d6 9. 0-0 Bd7 10. b3 Rc8 11. Bb2 a6 12. Qd2 Qa5 13. Ne3 b5 14. Rfd1 bxc4 15. Nxc4 Qc7 16. Rac1 Qa7 17. Nd5 Nxd5 18. Bxg7 Kxg7 19. Bxd5 Be6 20. Nxd6 exd6 21. Rxc6 Bxd5 22. Qc3+ f6 23. Rxc8 Rxc8 24. Qxc8 Bf7 25. Rxd6 Qe7 26. Rd7 Qxe2 27. Qb7 Qe6 28. Kg2 h5 29. h4 g5 30. Re7 gxh4 31. Rxe6 h3+ 1-0

[Event "Regionalliga SO 9798"]
[Site "Bayern"]
[Date "1997.??.??"]
[Round "?.1"]
[White "Koenig, Bernhard"]
[Black "Riediger, Martin"]
[Result "0-1"]
[WhiteElo "2297"]
[BlackElo "2255"]
[PlyCount "144"]
[EventDate "1997.10.19"]
[EventType "team-tourn"]
[EventRounds "9"]
[EventCountry "GER"]
[SourceTitle "EXT 2020"]
[Source "ChessBase"]
[SourceDate "2019.10.17"]
[SourceVersion "1"]
[SourceVersionDate "2019.10.17"]
[SourceQuality "1"]
[WhiteTeam "Freising SK"]
[BlackTeam "Pfarrkirchen SC"]
[WhiteTeamCountry "GER"]
[BlackTeamCountry "GER"]

1. e4 d6 2. d4 Nf6 3. Bd3 e5 4. c3 d5 5. dxe5 Nxe4 6. Nf3 Nc6 7. 0-0 Be7 8. Qe2 Nc5 9. Bc2 Bg4 10. Rd1 Qd7 11. Bf4 Rd8 12. h3 Bh5 13. Nbd2 Ne6 14. Bh2 Ng5 15. Bf4 Ne6 16. Bh2 Bg6 17. Nb3 0-0 18. Nfd4 Ncxd4 19. Nxd4 Bc5 20. Nf3 Qc6 21. Rac1 Rd7 22. Bg3 Qb6 23. Bxg6 fxg6 24. b4 Be7 25. a3 c6 26. c4 Rfd8 27. c5 Qa6 28. Qa2 Qa4 29. Nd4 Nxd4 30. Rxd4 Rf8 31. Re1 Bxc5 32. bxc5 Qxd4 33. e6 Re7 34. Bd6 Rfe8 35. Bxe7 Rxe7 36. Qc2 b6 37. cxb6 Qxb6 38. Rb1 Qc7 39. Qe2 Qd6 40. Re1 c5 41. Qe5 Qxe5 42. Rxe5 Kf8 43. Rxd5 Rc7 44. Kf1 Ke7 45. Re5 Kd6 46. Re3 Re7 47. Rd3+ Kxe6 48. Ke2 Rf7 49. Rd2 Rf5 50. Rb2 Rd5 51. Rb7 Rd7 52. Rb8 Kd6 53. Rh8 Kc6 54. Rxh7 Kb5 55. Rh4 c4 56. Ke3 Rd3+ 57. Ke2 Rxa3 58. Kd2 Kb4 59. Rh8 Ra2+ 60. Ke3 Kb3 61. Rg8 c3 62. Rxg7 Ra6 63. Rb7+ Kc2 64. Rc7 Re6+ 65. Kd4 Kd2 66. Rxc3 Rd6+ 67. Kc5 Kxc3 68. Kxd6 a5 69. h4 a4 70. g4 a3 71. h5 gxh5 72. gxh5 a2 0-1

[Event "Regionalliga SO 9697"]
[Site "Bayern"]
[Date "1996.12.03"]
[Round "3"]
[White "Pronold, Herbert"]
[Black "Koenig, Bernhard"]
[Result "0-1"]
[WhiteElo "2160"]
[BlackElo "2090"]
[PlyCount "79"]
[EventDate "1996.10.13"]
[EventType "team-tourn"]
[EventRounds "9"]
[EventCountry "GER"]
[SourceTitle "EXT 1999"]
[Source "ChessBase"]
[SourceDate "1998.11.16"]
[SourceVersion "1"]
[SourceVersionDate "1998.11.16"]
[SourceQuality "1"]
[WhiteTeam "Freilassing"]
[BlackTeam "Freising SK"]
[WhiteTeamCountry "GER"]
[BlackTeamCountry "GER"]

1. d4 d5 2. c4 c6 3. Nf3 Nf6 4. Nc3 Bf5 5. cxd5 cxd5 6. Qb3 Qb6 7. Nxd5 Nxd5 8. Qxd5 e6 9. Qb3 Nc6 10. Bd2 Bb4 11. e3 a5 12. Bxb4 Nxb4 13. Qa4+ Ke7 14. Ne5 Qc7 15. Kd2 Rhc8 16. Nc4 Be4 17. a3 Bc6 18. Qd1 Nd5 19. Rc1 Nf6 20. f3 Rd8 21. Bd3 a4 22. Ke2 g5 23. Ne5 Qb6 24. Qc2 Nd7 25. Nxd7 Kxd7 26. Qd2 h5 27. Rc5 Rg8 28. h3 g4 29. hxg4 hxg4 30. Kf2 gxf3 31. gxf3 Qc7 32. Rh3 Rg7 33. Bf1 Rag8 34. e4 Qd6 35. Rch5 Rg1 36. e5 Qd5 37. Qd3 Rxf1+ 38. Kxf1 Bb5 39. f4 Bxd3+ 40. Rxd3 0-1

[Event "Regionalliga SO 9697"]
[Site "Bayern"]
[Date "1996.11.17"]
[Round "2"]
[White "Koenig, Bernhard"]
[Black "Kohout, Petr"]
[Result "1/2-1/2"]
[WhiteElo "2160"]
[BlackElo "2275"]
[PlyCount "54"]
[EventDate "1996.10.13"]
[EventType "team-tourn"]
[EventRounds "9"]
[EventCountry "GER"]
[SourceTitle "EXT 1999"]
[Source "ChessBase"]
[SourceDate "1998.11.16"]
[SourceVersion "1"]
[SourceVersionDate "1998.11.16"]
[SourceQuality "1"]
[WhiteTeam "Freising SK"]
[BlackTeam "Deggendorf"]
[WhiteTeamCountry "GER"]
[BlackTeamCountry "GER"]

1. d4 Nf6 2. c4 e6 3. Nf3 Bb4+ 4. Bd2 Qe7 5. g3 0-0 6. Bg2 d5 7. 0-0 Nbd7 8. Bf4 Bd6 9. c5 Bxf4 10. gxf4 c6 11. Nc3 Ng4 12. b4 b6 13. Ne5 Ngxe5 14. fxe5 f6 15. exf6 Rxf6 16. e4 Rg6 17. exd5 Qg5 18. Qf3 exd5 19. Rfe1 Nf6 20. Re5 Qh4 21. Ne2 Bh3 22. Nf4 Bxg2 23. Nxg6 Qxd4 24. Qd1 Qxd1+ 25. Rxd1 Bf3 26. Ne7+ Kf7 27. Rde1 d4 1/2-1/2